书目信息 |
| 题名: |
夫妻笑话
|
|
| 作者: | 韩彪 编著 | |
| 分册: | ||
| 出版信息: | 北京 中国三峡出版社 2010.09 |
|
| 页数: | 285页 | |
| 开本: | 21cm | |
| 丛书名: | ||
| 单 册: | ||
| 中图分类: | I17 | |
| 科图分类: | ||
| 主题词: | 笑话 , 笑话--作品集--世界 | |
| 电子资源: | ||
| ISBN: | 978-7-80223-617-2 | |
| 000 | 00630nam0 2200241 450 | |
| 001 | 1234285434 | |
| 005 | 20120110093146.50 | |
| 010 | @a978-7-80223-617-2@dCNY25.00 | |
| 090 | @aI17@bhb | |
| 096 | @aI17@bhb | |
| 100 | @a20101108d2010 em y0chiy50 ea | |
| 101 | 0 | @achi |
| 102 | @aCN@b110000 | |
| 105 | @aa z 000dy | |
| 200 | 1 | @a夫妻笑话@b专著@f韩彪编著@9fu qi xiao hua |
| 210 | @a北京@c中国三峡出版社@d2010.09 | |
| 215 | @a285页@c图@d21cm | |
| 606 | 0 | @a笑话 |
| 606 | 0 | @a笑话@x作品集@y世界 |
| 690 | @aI17@v4 | |
| 701 | 0 | @a韩彪@c(编辑)@4编著@9han biao |
| 801 | 0 | @aCN@b110120@c20101025 |
| 905 | @aZUCC@dI17@eH0763 | |
| 夫妻笑话/韩彪编著.-北京:中国三峡出版社,2010.09 |
| 285页:图;21cm |
| ISBN 978-7-80223-617-2:CNY25.00 |
| ● |
| 相关链接 |
|
|
|
正题名:夫妻笑话
索取号:I17/H0763
 
预约/预借
| 序号 | 登录号 | 条形码 | 馆藏地/架位号 | 状态 | 备注 |
| 1 | 482975 | 204829757 | 文学库108/400B社科库 29排2列2层/ [索取号:I17/H0763] | 在馆 | |
| 2 | 482976 | 204829766 | 文学库108/108文学库 4排9列1层/ [索取号:I17/H0763] | 在馆 | |
| 3 | 482977 | 204829775 | 社科二线400B/400B社科库 10排1列6层/ [索取号:I17/H0763] | 在馆 |